Дом волшебных дверей. [Т. 1]: Монстры наступают! (Запись № 13646414)

Подробности
000 -МАРКЕР
контрольное поле 01286nam2a2200253 4500
001 - ИДЕНТИФИКАТОР ЗАПИСИ
контрольное поле RU\NLR\BIBL_A\022767038
005 - ИДЕНТИФИКАТОР ВЕРСИИ
контрольное поле 20260427160144.0
010 ## - МЕЖДУНАРОДНЫЙ СТАНДАРТНЫЙ НОМЕР КНИГИ (ISBN)
Номер (ISBN) 978-5-353-11917-3
Тираж 3000
021 ## - НОМЕР ГОСУДАРСТВЕННОЙ РЕГИСТРАЦИИ
Код страны Российская Федерация
Номер КН-П-26-007995
Номер Листа государственной регистраци КН-П-26-0771
035 ## - ДРУГИЕ СИСТЕМНЫЕ НОМЕРА
Идентификатор записи (NLR Aleph) 022767038
100 ## - ДАННЫЕ ОБЩЕЙ ОБРАБОТКИ
Данные общей обработки 20260326d2026 d y0rusy50 ca
101 1# - ЯЗЫК РЕСУРСА
Язык текста, звукозаписи и т.д. русский
Язык оригинала корейский
102 ## - СТРАНА ПУБЛИКАЦИИ ИЛИ ПРОИЗВОДСТВА
Страна публикации Российская Федерация
105 ## - ПОЛЕ КОДИРОВАННЫХ ДАННЫХ: ТЕКСТОВЫЕ МАТЕРИАЛЫ, МОНОГРАФИЧЕСКИЕ
Кодированные данные о монографическом текстовом документе a z 000ay
200 1# - ЗАГЛАВИЕ И СВЕДЕНИЯ ОБ ОТВЕТСТВЕННОСТИ
Основное заглавие Монстры наступают!
210 ## - ПУБЛИКАЦИЯ, РАСПРОСТРАНЕНИЕ И ДР.
Дата издания, распространения и т.д. 2026 (печ. 2025)
215 ## - ФИЗИЧЕСКАЯ ХАРАКТЕРИСТИКА
Специфическое обозначение материала и объем 110, [2] с.
Другие сведения о физической характеристике цв. ил.
461 #0 - УРОВЕНЬ НАБОРА
Встроенное поле 001RU\NLR\BIBL_A\022767032
-- 2001#$aДом волшебных дверей$e[сказочная повесть$eдля среднего школьного возраста$fКим Сугён, Квон Суён, JipsaTV$gперевод с корейского Д. А. Ванюковой]$v[Т. 1]
-- 700#0$aКим Сугён$3RU\NLR\AUTH\770292746
Системный номер (АБИС) связанной записи 13699986
Автор Ким Сугён
Место публикации Москва
Дата публикации 2026-
Первые сведения об ответственности Ким Сугён, Квон Суён, JipsaTV
Имя издателя, распространителя и т.д. Росмэн
Сведения, относящиеся к заглавию [сказочная повесть : для среднего школьного возраста
Заглавие Дом волшебных дверей
Номер тома [Т. 1]
942 ## - ДОПОЛНИТЕЛЬНЫЕ ЭЛЕМЕНТЫ ЗАПИСИ (АБИС)
Тип экземпляра АБИС Книга
980 ## - КОЛЛЕКЦИЯ
Название коллекции Национальная библиография

Нет доступных экземпляров.